000
00292nam a2200121Ia 4500
008
190216s9999||||xx |||||||||||||| ||und||
100
_a
Geoffrey Chaucer
245
0
_a
Troilus And Criseyde
260
_b
Everyman`S Reference Library
_c
1963
300
_a
337p
650
_a
Poetry
942
_c
BK
999
_c
12251
_d
12251